Programa SENTIA : (Registro nro. 50432)

Detalles MARC
000 -LEADER
campo de control de longitud fija 02627nam a2200445 i 4500
001 - NÚMERO DE CONTROL
campo de control 50432
003 - IDENTIFICADOR DE NÚMERO DE CONTROL
campo de control FINmELB
005 - FECHA Y HORA DE LA ÚLTIMA TRANSACCIÓN
campo de control 20241216232226.0
006 - CÓDIGOS DE INFORMACIÓN DE LONGITUD FIJA--CARACTERÍSTICAS DEL MATERIAL ADICIONAL
campo de control de longitud fija m o u
007 - CAMPO FIJO DE DESCRIPCIÓN FÍSICA--INFORMACIÓN GENERAL
campo de control de longitud fija cr cn|||||||||
008 - DATOS DE LONGITUD FIJA--INFORMACIÓN GENERAL
campo de control de longitud fija 220815s2020 sp a ob 001 0 spa d
020 ## - NÚMERO INTERNACIONAL ESTÁNDAR DEL LIBRO
Número Internacional Estándar del Libro 9788436843057
Información calificativa (digital)
020 ## - NÚMERO INTERNACIONAL ESTÁNDAR DEL LIBRO
ISBN cancelado o inválido 9788436843040
Información calificativa (impreso)
035 ## - NÚMERO DE CONTROL DEL SISTEMA
Número de control de sistema (OCoLC)1342050954
040 ## - FUENTE DE CATALOGACIÓN
Centro catalogador/agencia de origen FINmELB
Lengua de catalogación spa
Normas de descripción rda
Centro/agencia transcriptor FINmELB
041 ## - CÓDIGO DE IDIOMA
Código de lengua del texto/banda sonora o título independiente spa
050 #4 - SIGNATURA TOPOGRÁFICA DE LA BIBLIOTECA DEL CONGRESO
Número de clasificación BF697.5.S46
Número de ítem P764 2020
080 ## - NÚMERO DE LA CLASIFICACIÓN DECIMAL UNIVERSAL
Número de la Clasificación Decimal Universal 159.94
080 ## - NÚMERO DE LA CLASIFICACIÓN DECIMAL UNIVERSAL
Número de la Clasificación Decimal Universal 372.3
082 04 - NÚMERO DE LA CLASIFICACIÓN DECIMAL DEWEY
Número de clasificación 155.232
Información de edición 23
245 00 - MENCIÓN DEL TÍTULO
Título Programa SENTIA :
Resto del título promoción de la autoestima en Educación Infantil /
Mención de responsabilidad, etc. Isabel Páez [y otros 4].
264 #1 - PRODUCCIÓN, PUBLICACIÓN, DISTRIBUCIÓN, FABRICACIÓN Y COPYRIGHT
Producción, publicación, distribución, fabricación y copyright Madrid :
Nombre del de productor, editor, distribuidor, fabricante Pirámide,
Fecha de producción, publicación, distribución, fabricación o copyright 2020.
300 ## - DESCRIPCIÓN FÍSICA
Extensión 1 recurso en línea (178 páginas) :
Otras características físicas ilustraciones
336 ## - TIPO DE CONTENIDO
Término de tipo de contenido texto
Código de tipo de contenido txt
Fuente rdacontent/spa
337 ## - TIPO DE MEDIO
Nombre/término del tipo de medio computadora
Código del tipo de medio c
Fuente rdamedia/spa
338 ## - TIPO DE SOPORTE
Nombre/término del tipo de soporte recurso en línea
Código del tipo de soporte cr
Fuente rdacarrier/spa
490 1# - MENCIÓN DE SERIE
Mención de serie Ojos solares. Programas
504 ## - NOTA DE BIBLIOGRAFÍA, ETC.
Nota de bibliografía, etc. Nota páginas 153-159.
520 3# - RESUMEN, ETC.
Sumario, etc. Reseña del editor: Esta obra presenta un programa innovador para la promoción de la autoestima en la etapa de Educación Infantil. El programa SENTIA consta de un total de veinticuatro sesiones en las que se trabajan las cuatro dimensiones principales de la autoestima: social, familiar, física y académica. Todas las actividades están explicadas al detalle con recomendaciones para el docente. El programa utiliza una metodología activa a través de actividades divertidas, secuenciadas, focalizadas en un objetivo y que trabajan de manera explícita cada una de las dimensiones de la autoestima. La primera parte del libro hace un recorrido teórico por la conceptualización, el desarrollo, la relevancia y las características de la autoestima y de los programas que la promocionan. Incorpora también una explicación detallada de los objetivos, contenidos, estructura y metodología del programa. Si bien las aulas de Educación Infantil parecen un contexto ideal para este tipo de programas, también puede ser útil para otros educadores.
588 ## - NOTA DE FUENTE DE LA DESCRIPCIÓN
Nota de fuente de la descripción Descripción basada en metadatos suministrados por el editor y otras fuentes.
590 ## - NOTA LOCAL (RLIN)
Nota local Recurso electrónico. Santa Fe, Arg.: elibro, 2022. Disponible vía World Wide Web. El acceso puede estar limitado para las bibliotecas afiliadas a elibro.
650 #4 - PUNTO DE ACCESO ADICIONAL DE MATERIA--TÉRMINO DE MATERIA
Término de materia o nombre geográfico como elemento de entrada Autoestima.
650 #4 - PUNTO DE ACCESO ADICIONAL DE MATERIA--TÉRMINO DE MATERIA
Término de materia o nombre geográfico como elemento de entrada Educación infantil.
650 #4 - PUNTO DE ACCESO ADICIONAL DE MATERIA--TÉRMINO DE MATERIA
Término de materia o nombre geográfico como elemento de entrada Niños
Subdivisión general Actitudes.
655 #4 - TERMINO DE INDIZACIÓN--GENERO/FORMA
Datos o término principal de género/forma Libros electrónicos.
700 1# - ENTRADA AGREGADA--NOMBRE PERSONAL
Nombre de persona Páez, Isabel,
Término indicativo de función/relación coautor.
797 2# - PUNTO DE ACCESO ADICIONAL LOCAL--NOMBRE DE ENTIDAD CORPORATIVA (RLIN)
Nombre de entidad corporativa o nombre de jurisdicción como elemento de entrada elibro, Corp.
830 #0 - PUNTO DE ACCESO ADICIONAL DE SERIE-TÍTULO UNIFORME
Título uniforme Ojos solares. Programas.
856 40 - LOCALIZACIÓN Y ACCESO ELECTRÓNICOS
Identificador Uniforme de Recurso <a href="https://elibro.net/ereader/politecnicointernacional/216162">https://elibro.net/ereader/politecnicointernacional/216162</a>

No hay ítems disponibles.


Politécnico Internacional

Institución de Educación Superior
Vigilado Mineducación.
SNES 4727 +4135 DEL 11 de nov. de 2004

Sedes

Sede Norte - Av. Boyacá 138 - 70

Sede Sur - Autopista Sur No 67 - 71

Sede Av Chile - Calle 73 Nº 10-45

Información Legal

Derechos Pecuniarios | Habeas Data | Reglamento Biblioteca


Compartir

YouTube | Twitter | Facebook | LinkedIn


Comunícate con nosotros:

Admisiones: 60-1-7950000
Atención al cliente: 60-1-4005700